000 05623namaa22004451i 4500
003 EG-GICUC
005 20260429124023.0
008 260429s2025 ua a|||frm||| 000 0 eng d
040 _aEG-GICUC
_beng
_cEG-GICUC
_dEG-GICUC
_erda
041 0 _aeng
_beng
_bara
049 _aDeposit
082 0 4 _a660.65
092 _a660.65
_221
097 _aM.Sc
099 _aCai01.12.25.M.Sc.2025.Li.E
100 0 _aLinah Mohamed Hussein Ali,
_epreparation.
245 1 0 _aEffect of different doses of paracetamol drug directly on the reproductive health of the female wistar rats /
_cby Linah Mohamed Hussein Ali ; Supervision Prof. Dr. Mohamed Ahmed Badawy, Dr. Heba Ali Abd El Rahman, Dr. Sameh Shaban Ali Gad.
246 1 5 _aتأثير الجرعات المختلفة من عقار الباراسيتامول المباشر على الصحة الإنجابية لجرذان ويستار الإناث
264 0 _c2025.
300 _a126 pages :
_billustrations ;
_c25 cm. +
_eCD.
336 _atext
_2rda content
337 _aUnmediated
_2rdamedia
338 _avolume
_2rdacarrier
502 _aThesis (M.Sc)-Cairo University, 2025.
504 _aBibliography: pages 103-124.
520 3 _a Paracetamol is a commonly purchased and administered non-prescription analgesic medication on a global scale. The goal of this study was to evaluate the impact of paracetamol on the female reproductive health. The study involved random allocation of healthy Wistar rats into three groups (n=6/group). The control group was administered 0.5 ml of physiological saline, the low-dose group received 82 mg/kg paracetamol, and the high-dose group received 164 mg/kg paracetamol. After 24 hours following the final dose, the rats were euthanized under anesthesia. The level of hormones, oxidative stress biomarkers, DNA damage and histological analysis were performed. The findings revealed that there was no significant alteration in overall rats’ weight and reproductive organs weight. The biochemical findings indicated that paracetamol exerted an impact on the levels of reproductive hormones and disrupted the normal balance of malondialdehyde, resulting in a notable reduction in overall antioxidant activity. Furthermore, a significant level of DNA fragmentation was observed in the ovaries and uterine tissues. Paracetamol induced degeneration of ovarian follicles, and loss of columnar morphology in uterine epithelial cells, indicating the occurrence of apoptosis. The result of this study suggests that the administration of paracetamol has a detrimental impact on female reproductive health, perhaps elevating the risk of infertility.
520 3 _aالباراسيتامول هو مسكن شائع يُشترى ويُستخدم دون وصفة طبية على نطاق عالمي. كان الهدف من هذه الدراسة تقييم تأثير الباراسيتامول على صحة الجهاز التناسلي الأنثوي. شملت الدراسة توزيعًا عشوائيًا لجزران من نوع ويستار السليمة إلى ثلاث مجموعات (عدد = 6 لكل مجموعة). تم إعطاء المجموعة الضابطة 0.5 مل من المحلول الملحي الفسيولوجي، بينما تلقت مجموعة الجرعة المنخفضة 82 ملغ/كغ من الباراسيتامول، وتلقت مجموعة الجرعة العالية 164 ملغ/كغ من الباراسيتامول. بعد 24 ساعة من الجرعة الأخيرة، تم قتل الجزران تحت التخدير. تم تحليل مستويات الهرمونات، ومؤشرات الإجهاد التأكسدي، وتلف الحمض النووي، وإجراء تحليل نسيجي. أظهرت النتائج عدم وجود تغيير ملحوظ في وزن الجزران أو وزن الأعضاء التناسلية. أظهرت النتائج البيوكيميائية أن الباراسيتامول أثر على مستويات الهرمونات التناسلية وأحدث اضطرابًا في التوازن الطبيعي للمالونديالدهيد، مما أدى إلى انخفاض ملحوظ في النشاط المضاد للأكسدة بشكل عام. علاوة على ذلك، لوحظ مستوى كبير من تجزئة الحمض النووي. تسبب الباراسيتامول في تدهور الجريبات المبيضية وفقدان الشكل العمودي للخلايا الظهارية الرحمية، مما يشير إلى حدوث موت الخلايا المبرمج. تشير نتائج هذه الدراسة إلى أن استخدام الباراسيتامول له تأثير ضار على صحة الجهاز التناسلي الأنثوي، وربما يزيد من خطر العقم .
530 _aIssues also as CD.
546 _aText in English and abstract in Arabic & English.
650 0 _aBiotechnology
650 0 _aالتكنولوجيا الحيوية
653 1 _aComet assay
_aFemale Wistar rats
_aHormones
_aOxidative Stress markers
_aParacetamol
_aReproductive health
_aالباراسيتامول
_aإناث جزران ويستار
700 0 _aMohamed Ahmed Badawy
_ethesis advisor.
700 0 _aHeba Ali Abd El Rahman
_ethesis advisor.
700 0 _aSameh Shaban Ali Gad
_ethesis advisor.
900 _b01-01-2025
_cMohamed Ahmed Badawy
_cHeba Ali Abd El Rahman
_cSameh Shaban Ali Gad
_UCairo University
_FFaculty of Science
_DDepartment of Biotechnology
905 _aShimaa
942 _2ddc
_cTH
_e21
_n0
999 _c179811